The Biology of the intervertebral disc /

Intervertebral disk displacement.

Bibliographic Details
Other Authors: Ghosh, P. (Peter), 1940-
Format: Book
Language:English
Published: Boca Raton, Fla : CRC Press, [1988]
Subjects:

MARC

Tag First Indicator Second Indicator Subfields
LEADER 00000cam a22000008a 4500
001 in00004457594
005 20191202121131.0
008 870720s1988 fluaf b 00100 eng d
010 |a  87021781  
020 |a 0849367107 (set) 
020 |a 0849367115 (v. 1) 
020 |a 0849367123 (v. 2) 
035 |a (OCoLC)16356190 
035 |9 AAA7590MS 
035 |z (UtOrBLW)3134 
035 |a 4742 
040 |a DNLM/DLC  |c DLC  |d TMV  |d UtOrBLW 
049 |a TMVM  |c 1  |v 1  |v 2 
050 0 0 |a RD771.I6  |b B56 1988 
059 |l MS/BOOK STKS  |v 4  |y 1  |t BOOK  |k CIRCULATING  |i 3238900819729  |n NL  |a WE 740  |b B615 1988  |u v;1 
059 |l MS/BOOK STKS  |v 2  |t BOOK  |k CIRCULATING  |i 323890081973A  |n NL  |a WE 740  |b B615 1988  |u v;2 
060 0 |a WE 740  |b B615 1988 
245 0 4 |a The Biology of the intervertebral disc /  |c editor, Peter Ghosh. 
264 1 |a Boca Raton, Fla :  |b CRC Press,  |c [1988] 
264 4 |c ©1988 
300 |a 2 volumes, 2 unnumbered pages of plates :  |b illustrations (some color) ;  |c 26 cm. 
336 |a text  |2 rdacontent  |b txt 
337 |a unmediated  |2 rdamedia 
338 |a volume  |2 rdacarrier  |b nc 
504 |a Includes bibliographies and indexes. 
520 8 |a Intervertebral disk displacement. 
650 2 |a Intervertebral Disc. 
700 1 |a Ghosh, P.  |q (Peter),  |d 1940- 
948 |a Keep until updated per EC; 2003 evaluation, nb 10/02/03. 
999 |a MARS 
999 f f |s 65cace9d-7db1-3058-afd3-f38ba8f8040a  |i 662f3b81-4fe0-3041-87b4-3246277e2951  |t 0 
952 f f |p ric  |a Texas A&M University  |b Rellis Campus  |c Joint Library Facility  |d Remote Storage  |t 0  |e WE 740 B615 1988  |h National Library of Medicine classification  |i unmediated -- volume  |k v.2  |m 323890081973A 
952 f f |p ric  |a Texas A&M University  |b Rellis Campus  |c Joint Library Facility  |d Remote Storage  |t 0  |e WE 740 B615 1988  |h National Library of Medicine classification  |i unmediated -- volume  |k v.1  |m 3238900819729 
998 f f |a WE 740 B615 1988  |s v.1-v.2  |t 0  |l Remote Storage